[Event "ISR-ch"]
[Site "Eilat"]
[Date "2025.01.28"]
[Round "9"]
[White "Meirovich, Ilay"]
[Black "Levi, Netanel"]
[Result "1/2-1/2"]
[WhiteElo "2149"]
[BlackElo "2193"]
[PlyCount "95"]
[EventDate "2025.01.20"]
[EventType "swiss"]
[EventRounds "9"]
[EventCountry "ISR"]
[SourceTitle "CB05_2025"]
[SourceDate "2025.01.29"]
[SourceVersion "1"]
[SourceVersionDate "2025.01.29"]
[SourceQuality "1"]

1. d4 d6 2. Nf3 Nf6 3. c4 g6 4. Nc3 Bg7 5. e4 0-0 6. Be2 e5 7. 0-0 Na6 8. Be3 Qe7 9. d5 Nc5 10. Nd2 a5 11. a3 a4 12. Bxc5 dxc5 13. Nxa4 Bh6 14. Nc3 Ne8 15. Nf3 Nd6 16. b4 b6 17. Bd3 f5 18. Qe2 f4 19. bxc5 bxc5 20. Nb5 g5 21. Qb2 Bg7 22. Nd2 g4 23. f3 g3 24. h3 Nf7 25. Rfd1 Ng5 26. Bf1 Rf6 27. a4 Rh6 28. a5 Raa6 29. d6 cxd6 30. Nc3 Bxh3 31. gxh3 Nxh3+ 32. Bxh3 Rxh3 33. Qb8+ Bf8 34. Qc8 Rh1+ 35. Kg2 Rh2+ 36. Kg1 Rh1+ 37. Kg2 Rh2+ 38. Kg1 h5 39. Nf1 Qh4 40. Qe6+ Kh8 41. Qf5 Rh1+ 42. Kg2 Rh2+ 43. Kg1 Rh1+ 44. Kg2 Ra8 45. a6 Rb8 46. Ra2 Rh2+ 47. Kg1 Rh1+ 48. Kg2 1/2-1/2

[Event "ISR-ch"]
[Site "Eilat"]
[Date "2025.01.24"]
[Round "5"]
[White "Meirovich, Ilay"]
[Black "Parkhov, Yair"]
[Result "0-1"]
[WhiteElo "2149"]
[BlackElo "2508"]
[PlyCount "124"]
[EventDate "2025.01.20"]
[EventType "swiss"]
[EventRounds "9"]
[EventCountry "ISR"]
[SourceTitle "CB05_2025"]
[SourceDate "2025.01.29"]
[SourceVersion "1"]
[SourceVersionDate "2025.01.29"]
[SourceQuality "1"]

1. d4 Nf6 2. c4 e6 3. Nf3 d5 4. h3 Be7 5. cxd5 exd5 6. Nc3 c6 7. Bf4 0-0 8. Qc2 Bd6 9. Be5 Re8 10. e3 Bxe5 11. Nxe5 Nbd7 12. Nxd7 Bxd7 13. 0-0-0 a5 14. Bd3 b5 15. g4 Qe7 16. Kb1 a4 17. Ne2 b4 18. Qc5 Qxc5 19. dxc5 g6 20. Nd4 h5 21. gxh5 Nxh5 22. h4 Kg7 23. Rc1 Kf6 24. Kc2 Ng7 25. Kd2 Re5 26. Nc2 Rb8 27. Nd4 Ne6 28. f4 Rh5 29. Nf3 Ke7 30. Be2 Rh6 31. Rh2 Ng7 32. Bd3 Ne6 33. Be2 Ra8 34. Ne5 Rah8 35. Nf3 f6 36. Bd3 g5 37. fxg5 fxg5 38. Rch1 gxh4 39. Rxh4 Rxh4 40. Rxh4 Rxh4 41. Nxh4 Nxc5 42. Bb1 Nb7 43. Nf3 c5 44. Bc2 Nd6 45. Ne5 Be8 46. Bd3 Kf6 47. Ng4+ Ke6 48. Nf2 Bf7 49. Be2 Bg6 50. Nh3 Be4 51. Nf2 Bf5 52. Bf1 Kf6 53. Be2 Ke5 54. Bf1 c4 55. Be2 Nb5 56. Kc1 a3 57. Nd1 Kd6 58. Bf3 Kc5 59. Be2 Be4 60. Bf1 b3 61. bxa3 bxa2 62. Kb2 c3+ 0-1

[Event "ISR-ch"]
[Site "Eilat"]
[Date "2025.01.23"]
[Round "4"]
[White "Uritsky, Yonathan"]
[Black "Meirovich, Ilay"]
[Result "0-1"]
[WhiteElo "2339"]
[BlackElo "2149"]
[PlyCount "68"]
[EventDate "2025.01.20"]
[EventType "swiss"]
[EventRounds "9"]
[EventCountry "ISR"]
[SourceTitle "CB05_2025"]
[SourceDate "2025.01.29"]
[SourceVersion "1"]
[SourceVersionDate "2025.01.29"]
[SourceQuality "1"]

1. e4 c5 2. Nf3 e6 3. g3 Nc6 4. Bg2 Nf6 5. Qe2 e5 6. 0-0 Be7 7. Nc3 d6 8. Nd5 0-0 9. c3 Re8 10. Ne1 Nxd5 11. exd5 Nb8 12. Nc2 Nd7 13. Ne3 g6 14. a4 f5 15. d3 Bf6 16. Re1 b6 17. g4 f4 18. Nc4 Qe7 19. Bxf4 exf4 20. Qe6+ Kf8 21. g5 Bxg5 22. h4 Bf6 23. d4 cxd4 24. cxd4 Bxd4 25. Nxd6 Ne5 26. Qxe7+ Rxe7 27. Nb5 Bxf2+ 28. Kxf2 Nd3+ 29. Kf1 Rxe1+ 30. Rxe1 Nxe1 31. Kxe1 Bg4 32. Kf2 Rc8 33. Nc3 Ke7 34. Bf1 Kd6 0-1

[Event "ISR-ch"]
[Site "Eilat"]
[Date "2025.01.22"]
[Round "3"]
[White "Meirovich, Ilay"]
[Black "Veinberg, Nimrod"]
[Result "1/2-1/2"]
[WhiteElo "2149"]
[BlackElo "2400"]
[PlyCount "112"]
[EventDate "2025.01.20"]
[EventType "swiss"]
[EventRounds "9"]
[EventCountry "ISR"]
[SourceTitle "CB05_2025"]
[SourceDate "2025.01.29"]
[SourceVersion "1"]
[SourceVersionDate "2025.01.29"]
[SourceQuality "1"]

1. d4 d5 2. c4 e6 3. Nf3 c6 4. e3 Nd7 5. Bd3 Ngf6 6. Nbd2 Be7 7. 0-0 0-0 8. e4 dxe4 9. Nxe4 Nxe4 10. Bxe4 c5 11. Be3 Nf6 12. Bc2 Qc7 13. dxc5 Bxc5 14. Bxc5 Qxc5 15. Qd4 Qxd4 16. Nxd4 Bd7 17. Nf3 Rfc8 18. Ne5 Be8 19. Rac1 Kf8 20. Rfe1 Rc7 21. Bd1 Rd8 22. Bf3 Ng8 23. b4 b6 24. a3 Ne7 25. b5 Rdc8 26. Rb1 f6 27. Nd3 Rxc4 28. Rxe6 Nf5 29. Ree1 Rd4 30. Nb4 Bxb5 31. Re4 Rc3 32. Ree1 Ba4 33. Rbc1 Rdc4 34. Ra1 Rc5 35. Be4 Ne7 36. h3 Re5 37. Nd3 Ra5 38. Nf4 Kf7 39. Rac1 Rac5 40. Ra1 g6 41. Bf3 Rc8 42. Nd5 Nxd5 43. Bxd5+ Kf8 44. Re6 f5 45. Rf6+ Ke7 46. Rf7+ Kd6 47. Rxa7 Kxd5 48. Rxa4 Rc1+ 49. Rxc1 Rxc1+ 50. Kh2 Rc3 51. f3 f4 52. h4 h5 53. Rxf4 Rxa3 54. Rf6 b5 55. Rxg6 b4 56. g4 Rxf3 1/2-1/2

[Event "ISR-ch"]
[Site "Eilat"]
[Date "2025.01.21"]
[Round "2"]
[White "Vagman, Roy"]
[Black "Meirovich, Ilay"]
[Result "0-1"]
[WhiteElo "2254"]
[BlackElo "2149"]
[PlyCount "140"]
[EventDate "2025.01.20"]
[EventType "swiss"]
[EventRounds "9"]
[EventCountry "ISR"]
[SourceTitle "CB05_2025"]
[SourceDate "2025.01.29"]
[SourceVersion "1"]
[SourceVersionDate "2025.01.29"]
[SourceQuality "1"]

1. e4 c5 2. Nf3 e6 3. d4 cxd4 4. Nxd4 Nc6 5. Nc3 Qc7 6. Be3 a6 7. a3 b5 8. Nxc6 Qxc6 9. h4 Nf6 10. h5 Nxe4 11. Nxe4 Qxe4 12. Be2 Rb8 13. Qd2 Qc6 14. Bf3 Qc7 15. 0-0-0 d6 16. h6 g6 17. Qd4 e5 18. Qa7 Qxa7 19. Bxa7 Rb7 20. Bc6+ Ke7 21. Bxb7 Bxb7 22. Rh2 Ke6 23. Be3 Be7 24. f4 Rc8 25. b3 f6 26. Kb2 Be4 27. g4 d5 28. Re1 Bd6 29. f5+ gxf5 30. gxf5+ Bxf5 31. Rf2 Be4 32. b4 f5 33. Bb6 f4 34. Rg1 Rc6 35. Bd8 Rc8 36. Bb6 Rc6 37. Bd8 Bf8 38. Rh2 Rc8 39. Bb6 Be7 40. Rg7 Rc6 41. Ba7 Bf6 42. Rg8 Kf7 43. Rb8 Bg6 44. Rb7+ Ke6 45. Kc1 Bg5 46. Rg7 Kf5 47. Bc5 f3+ 48. Kd1 Kg4 49. Rh1 d4 50. Ke1 Kf5 51. Kf2 Ke4 52. Rg8 Be3+ 53. Kg3 f2 54. Rf8 Kd5 55. Rxf2 Bxf2+ 56. Kxf2 Bxc2 57. Ke2 Rg6 58. Rh2 Rg3 59. Ba7 Rxa3 60. Rh5 Bg6 61. Rg5 Rh3 62. Bb8 Rh5 63. Rg3 Rh2+ 64. Kd1 Rxh6 65. Bc7 Rh5 66. Ra3 Rh6 67. Rg3 Ke4 68. Ke1 Rh1+ 69. Kd2 Rh2+ 70. Ke1 d3 0-1

[Event "ISR-ch U16"]
[Site "Kfar Saba"]
[Date "2024.04.17"]
[Round "2"]
[White "Dezent, Eyal"]
[Black "Meirovich, Ilay"]
[Result "0-1"]
[WhiteElo "2145"]
[BlackElo "1880"]
[PlyCount "50"]
[EventDate "2024.04.10"]
[EventType "swiss"]
[EventRounds "9"]
[EventCountry "ISR"]
[SourceTitle "EXT 2025"]
[Source "ChessBase"]
[SourceDate "2024.10.14"]
[SourceVersion "1"]
[SourceVersionDate "2024.10.14"]
[SourceQuality "1"]

1. d4 d5 2. Bf4 Nf6 3. e3 c5 4. c3 Nc6 5. Nd2 Bf5 6. a4 e6 7. Ngf3 Bd6 8. dxc5 Bxf4 9. exf4 Qc7 10. g3 0-0 11. Be2 Rad8 12. Nb3 Bh3 13. Nbd4 Ne4 14. Nxc6 Qxc6 15. b4 Nxc3 16. Qd4 Nxe2 17. Kxe2 f6 18. Qe3 e5 19. fxe5 Bg4 20. Kd2 Bxf3 21. Qxf3 fxe5 22. Qe2 e4 23. Rhf1 Rf3 24. Qb5 Qf6 25. Rac1 Rd3+ 0-1

[Event "ISR-ch U16"]
[Site "Kfar Saba"]
[Date "2024.04.17"]
[Round "3"]
[White "Meirovich, Ilay"]
[Black "Duchan, Yoav"]
[Result "1/2-1/2"]
[WhiteElo "1880"]
[BlackElo "1980"]
[PlyCount "159"]
[EventDate "2024.04.10"]
[EventType "swiss"]
[EventRounds "9"]
[EventCountry "ISR"]
[SourceTitle "EXT 2025"]
[Source "ChessBase"]
[SourceDate "2024.10.14"]
[SourceVersion "1"]
[SourceVersionDate "2024.10.14"]
[SourceQuality "1"]

1. d4 g6 2. c4 Bg7 3. Nc3 d6 4. e4 Nf6 5. Be2 0-0 6. h4 c5 7. d5 h5 8. Bg5 b5 9. cxb5 a6 10. Qd2 axb5 11. Bxb5 Ba6 12. Bxa6 Nxa6 13. Nf3 c4 14. 0-0 Nc5 15. Rfe1 Ng4 16. Rab1 Nd3 17. Rf1 Qb6 18. e5 Ndxe5 19. Nxe5 Bxe5 20. Kh1 Bd4 21. f3 Be3 22. Bxe3 Nxe3 23. Qf2 Rfb8 24. Rfe1 Nf5 25. Qxb6 Rxb6 26. Kh2 Rab8 27. Nd1 Rb5 28. Re4 Rxd5 29. Rxc4 Rxd1 30. Rxd1 Ne3 31. Rcc1 Nxd1 32. Rxd1 Rxb2 33. Ra1 Rb4 34. Kg3 Ra4 35. f4 Kf8 36. Kf3 Ke8 37. g3 Kd7 38. a3 Rc4 39. a4 Kc6 40. Ra3 Kb6 41. Rb3+ Ka7 42. a5 Rc5 43. Ra3 Ka6 44. Rb3 Rb5 45. Rc3 Kb7 46. Ra3 Rb4 47. a6+ Ka7 48. Re3 e6 49. Rc3 Kxa6 50. Rc7 Rb7 51. Rc6+ Rb6 52. Rc7 Rb7 53. Rc6+ Ka7 54. Rxd6 Kb8 55. Ke4 Kc7 56. Rd3 Rb5 57. Ra3 Kd7 58. Ra7+ Ke8 59. Kf3 Rd5 60. Rb7 Rd7 61. Rb5 Ke7 62. Rb6 Kf6 63. Rb5 Kg7 64. Ra5 f6 65. Ra6 Kf7 66. Rb6 Rd3+ 67. Kf2 e5 68. fxe5 fxe5 69. Rc6 Rd7 70. Ke3 Rd4 71. Rb6 Rg4 72. Kf2 g5 73. hxg5 Rxg5 74. Rc6 Rg6 75. Rc8 Ke6 76. Rh8 Rg5 77. Kf3 Kd5 78. Rd8+ Kc4 79. Ke4 Kc3 80. Rd5 1/2-1/2

[Event "Ramat Gan Dov Porat Rapid op"]
[Site "Ramat Gan"]
[Date "2023.10.05"]
[Round "9"]
[White "Meirovich, Ilay"]
[Black "Slobodiansky, Steven"]
[Result "0-1"]
[WhiteElo "1861"]
[BlackElo "2273"]
[PlyCount "86"]
[EventDate "2023.10.04"]
[EventType "swiss (rapid)"]
[EventRounds "9"]
[EventCountry "ISR"]
[SourceTitle "CBM 216 Extra"]
[Source "ChessBase"]
[SourceDate "2023.11.30"]
[SourceVersion "1"]
[SourceVersionDate "2023.11.30"]
[SourceQuality "1"]

1. d4 d5 2. c4 dxc4 3. e3 Be6 4. Nc3 c6 5. a4 Nf6 6. Nf3 h6 7. Ne5 Nbd7 8. Nxc4 Nb6 9. Ne5 Nbd5 10. a5 Qc7 11. a6 b6 12. Bd2 Nxc3 13. bxc3 Nd7 14. Nf3 Bg4 15. Bd3 Rd8 16. Bc2 e5 17. h3 Be6 18. 0-0 Bd6 19. e4 b5 20. Be3 Nb6 21. d5 cxd5 22. Bxb6 Qxb6 23. exd5 Bb8 24. Bb3 e4 25. Nd4 Bxd5 26. Bxd5 Rxd5 27. Qg4 0-0 28. Qxe4 Qd6 29. f4 b4 30. Kh1 Kh8 31. Nf5 Qe6 32. Qxe6 fxe6 33. Nd4 bxc3 34. Nxe6 Rf6 35. Rab1 Bd6 36. Rbe1 c2 37. Kg1 Ba3 38. Nc7 Rc5 39. Re8+ Kh7 40. Ne6 c1Q 41. Rxc1 Rxc1+ 42. Kh2 Rc6 43. Nd4 Rxa6 0-1